La extensión agrícola : manual de consulta /
Guardado en:
| Autor Principal: | |
|---|---|
| Autor Corporativo: | |
| Formato: | Libro |
| Idioma: | Spanish |
| Publicado: |
Roma :
FAO,
1987.
|
| Edición: | 2a ed. |
| Etiquetas: |
Agregar Etiqueta
Sin Etiquetas, Sea el primero en etiquetar este registro!
|
| LEADER | 00564nam a22001695a 4500 | ||
|---|---|---|---|
| 001 | EEA.libagro004477 | ||
| 005 | 20181115121224.0 | ||
| 008 | 130809s1987####it#a##########000#0#spa#d | ||
| 020 | |a 9253015047 | ||
| 082 | 0 | 4 | |a 630.715 |
| 100 | 1 | |a Swanson, Burton E. | |
| 245 | 1 | 3 | |a La extensión agrícola : |b manual de consulta / |c Burton Swanson. |
| 250 | |a 2a ed. | ||
| 260 | |a Roma : |b FAO, |c 1987. | ||
| 300 | |a 286 p. : |b il. ; |c 29 cm. | ||
| 710 | 2 | |a Organización de las Naciones Unidas para la Agricultura y la Alimentación. | |
| 859 | |a AR-BbBCA |b BIB. AGRONOMIA |h 630.715 |i S972 |p 1991/1720 | ||
